| 000 | 01201cam a2200241 4500 | ||
|---|---|---|---|
| 001 | ##E134909 | ||
| 008 | 010928n2005 000 0 eng u | ||
| 020 | _a0755926323 | ||
| 035 | _a(Sirsi) u134909 | ||
| 041 | 0 | _aeng | |
| 050 | 0 | 4 |
_a711.1 _c18 |
| 110 | 2 |
_aScottish Executive Development Department _93786 |
|
| 245 | 0 | 0 |
_aPlanning Advice Note No.75 _bplanning for transport |
| 260 |
_aEdinburgh _bScottish Executive Development Department _c2005 |
||
| 300 |
_a36p. _c30cm. |
||
| 490 | 0 |
_aPlanning Advice Note _v(75) |
|
| 520 | _aPAN 75 aims to create greater awareness of how linkages between planning and transport can be managed. It highlights the roles of different bodies and professions in the process and points to other sources of information. The information contained within this PAN is not exhaustive but rather is intended to be used as an initial reference point. | ||
| 520 | _aFor guidance on policy see SPP17 Planning for Transport (ISBN 0755926315) | ||
| 651 | 4 |
_aScotland _y1999- |
|
| 690 |
_aPlanning and development _96259 |
||
| 856 | 4 | 0 |
_uhttps://www.scotland.gov.uk/Publications/2005/08/16154453/44538 _vView document free of charge at www.scotland.gov.uk... |
| 942 | _n0 | ||
| 999 |
_c105843 _d105843 |
||